Statistics for Автопортреты именитых художников

Click here to take the quiz!

General Stats

  • This quiz has been taken 10 times
  • The average score is 11 of 32

Answer Stats

Answer% Correct
Леонардо да Винчи
100%
Винсент ван Гог
88%
Пабло Пикассо
75%
Рафаэль Санти
75%
Фрида Кало
63%
Энди Уорхол
50%
Микеланджело
50%
Илья Репин
50%
Рембрандт
38%
Сальвадор Дали
38%
Поль Гоген
38%
Кузьма Петров-Водкин
38%
Клод Моне
38%
Альбрехт Дюрер
25%
Иван Крамской
25%
Иван Айвазовский
25%
Исаак Левитан
25%
Диего Веласкес
25%
Франсиско Гойя
25%
Сандро Боттичелли
25%
Марк Шагал
25%
Василий Суриков
13%
Макс Бекманн
13%
Григорий Мясоедов
13%
Андрей Рябушкин
13%
Рене Магритт
13%
Питер Брейгель-старший
13%
Поль Сезанн
13%
Фрэнсис Бэкон
13%
Пит Мондриан
13%
Отто Дикс
13%
Василий Пукирев
0%

Score Distribution

Percentile by Number Answered

Percent of People with Each Score

Your Score History

You have not taken this quiz